La Boira : setmanari independent de les terres de Lleida setmanari independent de les terres de Lleida
Descripción Física:
1 exemplar ; il·lustracions, periodicitat setmanal ; 29 cm
MARC
| LEADER | 00000nas a2200000 a 4500 | ||
|---|---|---|---|
| 001 | 27755 | ||
| 003 | Arxiu | ||
| 005 | 20260324180126.0 | ||
| 008 | 160829d1979 spcwrxx spc c | ||
| 017 | |a DL L. 70-1979 | ||
| 040 | |a AGDB | ||
| 080 | |a Revistes | ||
| 245 | 0 | 3 | |a La Boira : |b setmanari independent de les terres de Lleida |
| 260 | |a Lleida : |b Gràfiques Iberia, |c 1979 | ||
| 300 | |a 1 exemplar ; |b il·lustracions, periodicitat setmanal ; |c 29 cm | ||
| 310 | |a Setmanal | ||
| 362 | |a Any 1, núm. 1 (15 març 1979)-Núm. 17 (12 jul. 1979) | ||
| 500 | |a Directora: Antònia Mallo | ||
| 590 | |a Setmanal. | ||
| 590 | |a Descripció basada en: Núm. 3 (març-abr. 1979). | ||
| 590 | |a Prové de S-509, exp. 10 | ||
| 650 | 0 | |a Revistes comarcals |9 56288 |z Lleida (Província) | |
| 650 | 0 | |a Revistes catalanes |9 32243 |2 Arxiu | |
| 655 | 0 | |9 55823 |a Revistes | |
| 866 | |a Any 1, 1979 (3) | ||
| 901 | |a Arxiu | ||
| 942 | |n 1 |2 udc |c REV | ||
| 952 | |0 0 |1 0 |4 0 |6 REV2080 |7 1 |9 53686 |a Arxiu |b Arxiu |d 2023-04-25 |h Núm. 3 (29 març/4 abril 1979) |o Rev-2080 |p 27755 |r 2016-12-01 00:00:00 |w 2023-04-25 |y ARXIU | ||
| 999 | |c 57552 |d 57552 | ||